| 000 | 00387nam a2200145Ia 4500 | ||
|---|---|---|---|
| 008 | 191201s2004 xx 000 0 und d | ||
| 082 |
_a621.38154 _bGUE |
||
| 100 | _aGUPTA, R G | ||
| 245 | 0 | _aElectronic Instruments And Systems: Principles, Maintenance And Troubleshooting | |
| 250 | _a1th | ||
| 260 |
_aN.Delhi _bTMH _c2004 |
||
| 300 | _a572 | ||
| 650 | _aB.Tech(ECE) | ||
| 942 |
_2ddc _cBK |
||
| 999 |
_c1401 _d1401 |
||